Eylül imparatorluğu: (Record no. 14535)

MARC details
000 -BAŞLIK
Sabit Uzunlukta Kontrol Alanı 00674nam a22002297a 4500
999 ## - SİSTEM KONTROL NUMARALARI (KOHA)
Koha Biblionumber 14535
Koha Biblioitemnumber 14535
003 - KONTROL NUMARASI IDENTIFIER
Denetim Alanı MIRAKIL
005 - SON İŞLEM TARİHİ VE ZAMANI
Denetim Alanı 20211214000620.0
008 - SABİT-BOY VERİ ELEMANLARI - GENEL BİLGİLER
Sabit Uzunlukta Kontrol Alanı 211007b tu ||||| |||| 00| 0 tur d
020 ## - ULUSLARARASI STANDART KİTAP NUMARASI
Uluslararası Standart Kitap Numarası 9754940037
035 ## - SİSTEM KONTROL NUMARASI
Sistem Kontrol Numarası 19872
040 ## - KATALOGLAMA KAYNAK
Orijinal Kataloglama Ajansı TR-AnCHP
Kataloglama Dili tur
Metne Dönüştürmek Ajansı TR-AnCHP
041 ## - DİL KODU
Metin / Ses Parça Veya Ayrı Başlığın Dil Kodu tur
082 ## - DEWEY ONLU SINIFLANDIRMA NUMARASI
Sınıflandırma Numarası 321.09
Ürün Numarası T87e1988
100 ## - ANA GİRİŞ - KİŞİSEL İSİM
Kişisel Ad Tuşalp, Erbil
245 ## - BAŞLIK TABLOSU
Başlık Eylül imparatorluğu:
Başlığın Kalan Doğuşu ve yükselişi/
Sorumluluk Tablosu, Vb Erbil Tuşalp.
260 ## - YAYIN, DAĞITIM, VB
Yayın, Dağıtım, Vb Yeri Ankara:
Yayıncı, Dağıtıcı, Vs Adı Bilgi Yayınları,
Yayın, Dağıtım, Vb Tarihi 1988.
300 ## - FİZİKSEL TANIM
Kapsam 463 s.:
Boyutlar 20 sm.
490 ## - SERİSİ TABLOSU
Seri Beyanı Bilgi Yayınları;
Hacim / Ardışık Tanımı Bilgi Dizisi : 55
650 #0 - KONU KATMA GİRİŞ - TOPİKAL DÖNEM
Topikal Süreli Veya Coğrafi Ad Giriş Elemanı Siyaset ve yönetim
Genel Alt Bölümü Türkiye
Kronolojik Alt Bölümü 1980
9 (RLIN) 9
650 #0 - KONU KATMA GİRİŞ - TOPİKAL DÖNEM
Topikal Süreli Veya Coğrafi Ad Giriş Elemanı Darbeler
9 (RLIN) 333
Genel Alt Bölümü Türkiye
Kronolojik Alt Bölümü 1980
942 ## - EKLENDİ GİRİŞ ELEMANLARI (KOHA)
Sınıflandırma Veya Raf Düzeni Kaynak Dewey Decimal Classification
Koha Öğesi Türü Books
Holdings
Kalıcı Konum Mevcut Konum Edinme Tarihi Toplam Check-Out'Lar Tam Çağrı Numarası Barkod Tarih Son Görülme İtibaren Geçerli Fiyatlar Sigara Kamu Notu Koha Öğesi Türü
CHP Kütüphanesi CHP Kütüphanesi 10/07/2021   321.09 T87e1988 020029 10/07/2021 10/07/2021 Emin Değer Bağışıdır. Books